Score 0/27 Timer 04:00
0 Plays Today
Clue 4-Letter Answer % Correct
★ AFC East players from New York ★JETS
92.5%
Dogs, cats, guinea pigs, i.e.PETS
92.5%
★ AFC East players from New England (familiarly) ★PATS
91.6%
★ In the NFL, it's sometimes called a pigskin ★BALL
89.6%
★ AFC East player from Buffalo ★BILL
88.5%
FriendsPALS
87.7%
Nat King ____COLE
85.1%
★ AFC South player from Indianapolis ★COLT
85%
★ Tackle the quarterback behind the line of scrimmage ★SACK
82.8%
Fluid from the liverBILE
82.7%
Things lying on top of one anotherPILE
80.5%
Run-down, illSICK
79.2%
Cover with darkness or gloomPALL
78.4%
Beam; stakePOLE
77.8%
Clue 4-Letter Answer % Correct
★ One way to send the ball for a score in football ★KICK
74.8%
★ All NFL teams want great Win-___ records ★LOSS
74.7%
Soft, lustrous fiber from a worm's cocoon, often used in clothingSILK
73.1%
He developed the polio vaccine SALK
66.9%
Bend or twist in a wireKINK
59.6%
Brand of colaJOLT
58.8%
Extensive, enduringLONG
54.4%
Leave or reject a lover, especially waiting at the wedding ceremonyJILT
53.7%
Actor Chaney and his namesakesLONS
51.4%
Ft. ____, OklahomaSILL
50.9%
Actress Wagner or St. JohnJILL
50.3%
With next rung, 1933 Fay Wray classicKING
48%
With previous rung, 1933 Fay Wray classicKONG
47.9%

Today's Daily Dose

You're not logged in!

Compare scores with friends on all Sporcle quizzes.
OR
Log In

Sporcle TV

Today on Sporcle TV


Watch our educational content, quiz creation guides, and fun videos on Sporcle TV.

Show Comments

Extras

Top Quizzes Today


Score Distribution

Paid Content

Your Account Isn't Verified!

In order to create a playlist on Sporcle, you need to verify the email address you used during registration. Go to your Sporcle Settings to finish the process.

Report this User

Report this user for behavior that violates our Community Guidelines.

Details: